Všetko aj rozhlasová hra potrebuje svoj čas

Bibliographic Details
Other Authors: Kulík, Juraj (Interviewer)
Format: Article
Language:Slovak
PhysicalDescription:Obr.
Subjects:

MARC

LEADER 00000nab a2200000 ar4500
001 vtls009151985
003 SK-MaSNL
005 20260304021344.0
008 071022c1976 xo |r|p|||||||000 b|slo
015 |a SNBRB2007/10  |2 snkbucl 
038 |a SNKBUCL 
040 |a SNKBUCL  |b slo  |c SNKBUCL  |e AACR2 
041 |a slo 
044 |a xo  |c SK 
080 |a 82:929:821.162.4  |2 1997 
080 |a 821.162.4  |2 1997 
100 1 |a Kulík, Juraj  |4 ivr  |9 715202 
245 1 0 |a Všetko aj rozhlasová hra potrebuje svoj čas  |c Juraj Kulík 
300 |b Obr. 
600 1 7 |a Lehotský, Ivan,  |d 1933-2025  |2 snkbucl  |9 252540 
650 0 7 |a rozhlasové hry  |2 snkbucl  |9 2914 
655 7 |a rozhovory  |2 snkbucl  |9 31831 
700 1 |a Lehotský, Ivan,  |d 1933-2025  |4 ive  |9 252540 
773 0 |t Rozhlas  |g Č. 35 (1976), s. 20 
852 |a SNK  |b KIS3GCP 
958 |a BX 
999 |c 2605280  |d 2607210